<?xml version="1.0" encoding="UTF-8"?>
<collection xmlns:xsi="http://www.w3.org/2001/XMLSchema-instance" xsi:schemaLocation="http://www.loc.gov/MARC21/slim http://www.loc.gov/standards/marcxml/schema/MARC21slim.xsd" xmlns="http://www.loc.gov/MARC21/slim">
 <record>
  <leader>00000cab a22000003a 4500</leader>
  <controlfield tag="001">UP-99796217609532458</controlfield>
  <controlfield tag="003">Buklod</controlfield>
  <controlfield tag="005">20231007234348.0</controlfield>
  <controlfield tag="006">m    |o  d |      </controlfield>
  <controlfield tag="007">ta</controlfield>
  <controlfield tag="008">101104s        xx     d | ||r |||||   ||</controlfield>
  <datafield tag="040" ind1=" " ind2=" ">
   <subfield code="a">DENGII</subfield>
  </datafield>
  <datafield tag="041" ind1=" " ind2=" ">
   <subfield code="a">eng</subfield>
  </datafield>
  <datafield tag="100" ind1="0" ind2=" ">
   <subfield code="a">Tang-Kai Yin</subfield>
  </datafield>
  <datafield tag="245" ind1="0" ind2="2">
   <subfield code="a">A characteristic-point-based fuzzy inference system aimed to minimize the number of fuzzy rules.</subfield>
  </datafield>
  <datafield tag="300" ind1=" " ind2=" ">
   <subfield code="a">pp. 250-273</subfield>
  </datafield>
  <datafield tag="520" ind1=" " ind2=" ">
   <subfield code="a">This paper presents a characteristic-point-based fuzzy inference system (CPFIS) for fuzzy modeling from training data. The aim of the CPFIS is not only satisfactory precision performance, but also to employ as few purely linguistic fuzzy rules as possible by using a minimization-based systematic training method. Characteristic points (CPs) are defined as the few data points among the original training data which, when they are directly mapped to fuzzy rules and thus form the entire rule base, allow the underlying system to be effectively modeled. Three minimization-based algorithms in a sequence are proposed to train the CPFIS: a gradient-projection method, a Gauss-Jordan-elimination-based column elimination, and back-propagation. The CPs are determined by iterative computations of the first two minimization algorithms, after which the resulting fuzzy sets are further fine-tuned by the third algorithm. Experiments conducted on three benchmark problems showed that the CPFIS used one of the smallest number of fuzzy rules among the reported results for other methods. The Gaussian membership functions in both the input and output fuzzy sets and the small number of fuzzy rules make the rule interpretation of the CPFIS much easier than that of other methods, thus enhancing human-computer cooperation in knowledge discovery.</subfield>
  </datafield>
  <datafield tag="653" ind1=" " ind2=" ">
   <subfield code="a">Gauss-Jordan elimination.</subfield>
  </datafield>
  <datafield tag="653" ind1=" " ind2=" ">
   <subfield code="a">Gaussian membership functions.</subfield>
  </datafield>
  <datafield tag="653" ind1=" " ind2=" ">
   <subfield code="a">Back propagation.</subfield>
  </datafield>
  <datafield tag="653" ind1=" " ind2=" ">
   <subfield code="a">Column elimination.</subfield>
  </datafield>
  <datafield tag="653" ind1=" " ind2=" ">
   <subfield code="a">Fuzzy inference system.</subfield>
  </datafield>
  <datafield tag="653" ind1=" " ind2=" ">
   <subfield code="a">Fuzzy modeling.</subfield>
  </datafield>
  <datafield tag="653" ind1=" " ind2=" ">
   <subfield code="a">Fuzzy sets.</subfield>
  </datafield>
  <datafield tag="653" ind1=" " ind2=" ">
   <subfield code="a">Gradient-projection method.</subfield>
  </datafield>
  <datafield tag="653" ind1=" " ind2=" ">
   <subfield code="a">Human-computer cooperation.</subfield>
  </datafield>
  <datafield tag="653" ind1=" " ind2=" ">
   <subfield code="a">Knowledge discovery.</subfield>
  </datafield>
  <datafield tag="653" ind1=" " ind2=" ">
   <subfield code="a">Linguistic fuzzy rules.</subfield>
  </datafield>
  <datafield tag="653" ind1=" " ind2=" ">
   <subfield code="a">Minimization-based algorithms.</subfield>
  </datafield>
  <datafield tag="653" ind1=" " ind2=" ">
   <subfield code="a">Training data.</subfield>
  </datafield>
  <datafield tag="773" ind1="0" ind2=" ">
   <subfield code="t">IEEE Transactions on fuzzy systems</subfield>
   <subfield code="g">12, 2 (2004).</subfield>
  </datafield>
  <datafield tag="905" ind1=" " ind2=" ">
   <subfield code="a">FO</subfield>
  </datafield>
  <datafield tag="852" ind1=" " ind2=" ">
   <subfield code="a">UPD</subfield>
   <subfield code="b">DENG-II</subfield>
  </datafield>
  <datafield tag="942" ind1=" " ind2=" ">
   <subfield code="a">Article</subfield>
  </datafield>
 </record>
</collection>
